Szczegóły MARC21

Elektronizacja sądowego postępowania egzekucyjnego w Polsce = Electronization of judicial enforcement proceedings in Poland /

003 -Nazwa inst., której nr kontr. jest w polu 001 [,]
    • @
    • Nazwa instytucji, której n kontrolny jest w polu 001
    • NUKAT
005 -DATA I CZAS OSTATNIEJ MODYFIKACJI [,]
    • @
    • pole kontrolne
    • 20241231103358.0
020 -Międzynarod. znormalizowany nr książki - ISBN [ , ]
    • a
    • Numer ISBN
    • 9788360833582 Find
040 -Instytucja sporządzająca opis [ , ]
    • a
    • Instytucja, która sporządziła opis (NP)
    • Ł U/ek
    • c
    • Instytucja, która sporządziła rekord (NP)
    • Ł U/ek
    • d
    • Instytucja, która zmodyfikowała rekord (P)
    • Ł U/GS
    • d
    • Instytucja, która zmodyfikowała rekord (P)
    • Ł U/ips
    • d
    • Instytucja, która zmodyfikowała rekord (P)
    • SZCZ U/JS
    • d
    • Instytucja, która zmodyfikowała rekord (P)
    • KAT U/AS
041 -Język dokumentu [0, ]
    • a
    • Język tekstu (P)
    • polski
    • b
    • Język streszczeń lub abstraktu (P)
    • angielski
942 -Rodzaj dokumentu [ , ]
    • c
    • Rodzaj dokumentu
    • Książka
245 -Strefa tytułu i oznaczenia odpowiedzialności [0,0]
    • a
    • Tytuł
    • Elektronizacja sądowego postępowania egzekucyjnego w Polsce = Find
    • b
    • Ciąg dalszy tytułu (NP)
    • Electronization of judicial enforcement proceedings in Poland / Find
    • c
    • Pozostałe elementy strefy tytułu i oznaczenia odpowiedzialności (NP)
    • redakcja naukowa Andrzej Marciniak ; autorzy: Marcin Borek, Kinga Flaga-Gieruszyńska, Jacek Gołaczyński, Wiesław Grajdura, Andrzej Grzegorz Harla, Józef Jagieła, Agnieszka Kanarek, Robert Kulski, Aleksandra Klich, Ireneusz Kunicki, Andrzej Marciniak, Joanna Studzińska, Dariusz Szostek, Sandor Udvary, Marcin Uliasz, Zbigniew Woźniak.
246 -Wariant tytułu [1, ]
    • i
    • Tekst wyświetlany na ekranie monitora (NP)
    • Strona tytułowa:
    • a
    • Tytuł (NP)
    • Electronization of judicial enforcement proceedings in Poland
260 -Strefa adresu wydawniczego [ , ]
    • a
    • Miejsce wydania (P)
    • Sopot :
    • b
    • Nazwa wydawcy (P)
    • Currenda,
    • c
    • Data wydania (P)
    • 2015.
300 -Strefa opisu fizycznego [ , ]
    • a
    • Określenie formy książki i/lub objętość (NP)
    • 359 s. :
    • b
    • Oznaczenie ilustracji (NP)
    • il. ;
    • c
    • Format (NP)
    • 21 cm.
336 -Typ zawartości [ , ]
    • a
    • Termin opisujący typ zawartości
    • Tekst
    • b
    • Kod określający zawartość
    • txt
    • 2
    • Źródło (terminu i kodu)
    • rdacontent
337 -Typ mediów [ , ]
    • a
    • Tryb odtwarzania
    • Bez urządzenia pośredniczącego
    • b
    • Kod typu mediów
    • n
    • 2
    • Źródło (terminu i kodu)
    • rdamedia
338 -Typ/rodzaj nośnika [ , ]
    • a
    • Hasło opisujące typ nośnika
    • Wolumin
    • b
    • Kod typu nośnika
    • nc
    • 2
    • Źródło (terminu i kodu)
    • rdacarrier
504 -Uwaga dot. bibliogr. załącznikowej [ , ]
    • a
    • Uwaga dot. bibliografii załącznikowej
    • Bibliogr. s. 349-359.
546 -Uwaga dot. języka [ , ]
    • a
    • Uwaga dot. języka
    • Streszcz., wstęp i tyt. także ang.
650 -Hasło przedmiotowe [ ,7]
    • a
    • Hasło przedmiotowe
    • Postępowanie egzekucyjne
    • z
    • Określnik geograficzny
    • Polska
    • x
    • Określnik rzeczowy
    • informatyka.
    • 2
    • Źródło terminu
    • kaba
    • 9
    • KHW
    • 392901
700 -Hasło dodatkowe - nazwa osobowa [1, ]
    • a
    • Nazwa osobowa (NP)
    • Marciniak, Andrzej Find
    • c
    • Dopowiedzenie inne niż daty biograficzne (NP)
    • (prawnik).
    • 9
    • KHW
    • 18701
700 -Hasło dodatkowe - nazwa osobowa [1, ]
    • a
    • Nazwa osobowa (NP)
    • Flaga-Gieruszyńska, Kinga Find
    • d
    • Daty biograficzne (NP)
    • (1973- ).
    • 9
    • KHW
    • 10531
700 -Hasło dodatkowe - nazwa osobowa [1, ]
    • a
    • Nazwa osobowa (NP)
    • Gołaczyński, Jacek Find
    • d
    • Daty biograficzne (NP)
    • (1966- ).
    • 9
    • KHW
    • 9584
700 -Hasło dodatkowe - nazwa osobowa [1, ]
    • a
    • Nazwa osobowa (NP)
    • Harla, Andrzej Grzegorz. Find
    • 9
    • KHW
    • 13052
700 -Hasło dodatkowe - nazwa osobowa [1, ]
    • a
    • Nazwa osobowa (NP)
    • Jagieła, Józef. Find
    • 9
    • KHW
    • 86315
700 -Hasło dodatkowe - nazwa osobowa [1, ]
    • a
    • Nazwa osobowa (NP)
    • Kulski, Robert. Find
    • 9
    • KHW
    • 86314
700 -Hasło dodatkowe - nazwa osobowa [1, ]
    • a
    • Nazwa osobowa (NP)
    • Klich, Aleksandra Find
    • c
    • Dopowiedzenie inne niż daty biograficzne (NP)
    • (prawo).
    • 9
    • KHW
    • 86316
700 -Hasło dodatkowe - nazwa osobowa [1, ]
    • a
    • Nazwa osobowa (NP)
    • Kunicki, Ireneusz. Find
    • 9
    • KHW
    • 23314
700 -Hasło dodatkowe - nazwa osobowa [1, ]
    • a
    • Nazwa osobowa (NP)
    • Studzińska, Joanna Find
    • c
    • Dopowiedzenie inne niż daty biograficzne (NP)
    • (prawo).
    • 9
    • KHW
    • 44891
700 -Hasło dodatkowe - nazwa osobowa [1, ]
    • a
    • Nazwa osobowa (NP)
    • Szostek, Dariusz. Find
    • 9
    • KHW
    • 12552
700 -Hasło dodatkowe - nazwa osobowa [1, ]
    • a
    • Nazwa osobowa (NP)
    • Uliasz, Marcin. Find
    • 9
    • KHW
    • 68940
700 -Hasło dodatkowe - nazwa osobowa [1, ]
    • a
    • Nazwa osobowa (NP)
    • Woźniak, Zbigniew Find
    • c
    • Dopowiedzenie inne niż daty biograficzne (NP)
    • (prawnik).
    • 9
    • KHW
    • 86321
700 -Hasło dodatkowe - nazwa osobowa [1, ]
    • a
    • Nazwa osobowa (NP)
    • Borek, Marcin Find
    • c
    • Dopowiedzenie inne niż daty biograficzne (NP)
    • (prawo).
    • 9
    • KHW
    • 86319
700 -Hasło dodatkowe - nazwa osobowa [1, ]
    • a
    • Nazwa osobowa (NP)
    • Grajdura, Wiesław. Find
    • 9
    • KHW
    • 86318
700 -Hasło dodatkowe - nazwa osobowa [1, ]
    • a
    • Nazwa osobowa (NP)
    • Kanarek, Agnieszka. Find
    • 9
    • KHW
    • 86317
700 -Hasło dodatkowe - nazwa osobowa [1, ]
    • a
    • Nazwa osobowa (NP)
    • Udvary, Sándor Find
    • d
    • Daty biograficzne (NP)
    • (1975- ).
    • 9
    • KHW
    • 86320
710 -Hasło dodatkowe - nazwa ciała zbiorowego [2, ]
    • a
    • Nazwa ciała zbiorowego lub nazwa geograficzna jako pierwszy element (NP)
    • Currenda.
    • 4
    • Kod relacji
    • pbl
    • 9
    • KHW
    • 73104
920 -ISBN [ , ]
    • a
    • ISBN
    • 978-83-60833-58-2 Find
Numer inwentarzowy Sygnatura Status udost. Lokalizacja Data inwentaryzacji
SA.23469SA.234691BSA2015-08-07